[Event "1st League CS 2011"]
[Site "Kraljevo"]
[Date "2011.09.24"]
[Round "10.1"]
[White "Djukic, Zeljko"]
[Black "Radovanovic, Jovica"]
[Result "1/2-1/2"]
[WhiteElo "2399"]
[BlackElo "2320"]
[PlyCount "24"]
[EventDate "2011.09.17"]

1. d4 d5 2. Nf3 Nf6 3. c4 e6 4. Nc3 Be7 5. Bg5 h6 6. Bh4 O-O 7. e3 b6 8. Bd3
Bb7 9. O-O Nbd7 10. cxd5 Nxd5 11. Bxe7 Qxe7 12. Nxd5 Bxd5 1/2-1/2

[Event "1st League CS 2011"]
[Site "Kraljevo"]
[Date "2011.09.24"]
[Round "10.2"]
[White "Bojkov, Dejan"]
[Black "Blesic, Vaso"]
[Result "1/2-1/2"]
[WhiteElo "2541"]
[BlackElo "2397"]
[PlyCount "46"]
[EventDate "2011.09.17"]

1. e4 c5 2. Nf3 g6 3. c3 Bg7 4. d4 cxd4 5. cxd4 d5 6. e5 Bg4 7. Bb5+ Nc6 8. Nc3
e6 9. Bxc6+ bxc6 10. O-O Ne7 11. Bg5 h6 12. Bxe7 Qxe7 13. h3 Bxf3 14. Qxf3 c5
15. dxc5 Qxc5 16. Rfe1 O-O 17. Rad1 Rab8 18. b3 Rfc8 19. Na4 Qc2 20. Qe2 Bf8
21. Rd2 Qc7 22. Rd3 Qc2 23. Rd2 Qc7 1/2-1/2

[Event "1st League CS 2011"]
[Site "Kraljevo"]
[Date "2011.09.24"]
[Round "10.2"]
[White "Raicevic, Momcilo"]
[Black "Rajkovic, Dusan"]
[Result "1/2-1/2"]
[WhiteElo "2379"]
[BlackElo "2415"]
[PlyCount "27"]
[EventDate "2011.09.17"]

1. c4 Nf6 2. Nf3 e6 3. Nc3 Bb4 4. Qc2 c5 5. g3 b6 6. Bg2 Bb7 7. O-O O-O 8. d3
Bxc3 9. Qxc3 d6 10. a3 Nbd7 11. b4 Qc7 12. bxc5 bxc5 13. Rb1 Rab8 14. Bd2
1/2-1/2

[Event "1st League CS 2011"]
[Site "Kraljevo"]
[Date "2011.09.24"]
[Round "10.2"]
[White "Ristic, Nenad"]
[Black "Jovanovic, Nenad R"]
[Result "1-0"]
[WhiteElo "2420"]
[BlackElo "2338"]
[PlyCount "69"]
[EventDate "2011.09.17"]

1. e4 d5 2. exd5 Nf6 3. Bb5+ Bd7 4. Be2 Nxd5 5. d4 Bf5 6. Nf3 e6 7. O-O Nc6 8.
a3 Be7 9. c4 Nb6 10. c5 Nd5 11. Qb3 Rb8 12. Bb5 O-O 13. Qa4 Bf6 14. Bxc6 bxc6
15. Nc3 Qd7 16. Re1 Rfd8 17. h3 h6 18. Ne4 Bxe4 19. Rxe4 Ne7 20. Bf4 Rxb2 21.
Qxa7 Nd5 22. Be5 Qe8 23. Qa6 Ra8 24. Qf1 Qb8 25. Bxf6 Nxf6 26. Re2 Rb3 27. Qc1
Nd5 28. Kh2 Ra4 29. Ne5 Qb5 30. Re4 Rc3 31. Qd1 Rcxa3 32. Rxa3 Rxa3 33. Qh5 f5
34. Qf7+ Kh7 35. Rh4 1-0

[Event "1st League CS 2011"]
[Site "Kraljevo"]
[Date "2011.09.24"]
[Round "10.2"]
[White "Vencl, Radivoje"]
[Black "Todorovic, Goran N"]
[Result "1/2-1/2"]
[WhiteElo "2315"]
[BlackElo "2396"]
[PlyCount "142"]
[EventDate "2011.09.17"]

1. d4 Nf6 2. Nf3 e6 3. Bg5 b6 4. Nbd2 Bb7 5. e3 Be7 6. h3 c5 7. c3 cxd4 8. exd4
d6 9. Bb5+ Nbd7 10. Qe2 O-O 11. O-O a6 12. Bd3 Re8 13. Rfe1 Qc7 14. Ne4 Qc6 15.
Rad1 Nxe4 16. Bxe4 Qxe4 17. Qxe4 Bxe4 18. Rxe4 d5 19. Re2 Bd6 20. Ne1 b5 21.
Nd3 a5 22. a3 Rec8 23. g4 Nb6 24. Bc1 Nc4 25. Rc2 f6 26. f4 Kf7 27. Re1 Ra7 28.
Rce2 Re7 29. Kg2 Rce8 30. h4 a4 31. Rd1 h5 32. g5 Bc7 33. Be3 Nd6 34. Bf2 Nf5
35. Kf3 Bd6 36. Rg1 Rc7 37. Be1 Rcc8 38. Rh1 Ke7 39. Rg1 Kd7 40. gxf6 gxf6 41.
Rg6 Ke7 42. Rg1 Rg8 43. Reg2 Rxg2 44. Rxg2 Kf7 45. Rg1 Rh8 46. Rg2 Rh6 47. Rg1
Ne7 48. Bg3 Rg6 49. Bf2 Rxg1 50. Bxg1 Kg6 51. Ne1 Nf5 52. Bf2 Nh6 53. Bg3 Kf5
54. Nc2 Ng4 55. Ne1 e5 56. fxe5 fxe5 57. dxe5 Nxe5+ 58. Bxe5 Bxe5 59. Nc2 Bf6
60. Nd4+ Ke5 61. Nxb5 Bxh4 62. Nd4 Bg5 63. b3 axb3 64. Nxb3 Kd6 65. Nd4 Bd8 66.
Nf5+ Kc5 67. a4 Ba5 68. Ne3 Bxc3 69. Nxd5 Kxd5 70. a5 Bxa5 71. Kg2 Ke4 1/2-1/2

[Event "1st League CS 2011"]
[Site "Kraljevo"]
[Date "2011.09.24"]
[Round "10.2"]
[White "Nikolajevic, Branislav"]
[Black "Radusinovic, Lazar"]
[Result "0-1"]
[WhiteElo "2176"]
[BlackElo "2308"]
[PlyCount "40"]
[EventDate "2011.09.17"]

1. e4 c5 2. Nf3 Nc6 3. d4 cxd4 4. Nxd4 e5 5. Nb5 d6 6. c4 Be7 7. Be3 f5 8. exf5
Bxf5 9. Bd3 Be6 10. N1c3 a6 11. Na3 Nf6 12. f3 O-O 13. O-O Nb4 14. Nc2 Nxd3 15.
Qxd3 Rc8 16. b3 b5 17. cxb5 axb5 18. Rac1 Qd7 19. f4 Ng4 20. Nb4 Nxe3 0-1

[Event "1st League CS 2011"]
[Site "Kraljevo"]
[Date "2011.09.24"]
[Round "10.3"]
[White "Raicevic, Ivica"]
[Black "Vratonjic, Slobo"]
[Result "0-1"]
[WhiteElo "2282"]
[BlackElo "2396"]
[PlyCount "109"]
[EventDate "2011.09.17"]

1. c4 c5 2. Nc3 Nc6 3. g3 g6 4. Bg2 Bg7 5. a3 Nf6 6. Rb1 a5 7. d3 O-O 8. Nf3 d5
9. cxd5 Nxd5 10. Bd2 Nc7 11. O-O h6 12. Be3 Ne6 13. Nd2 Ncd4 14. Bxd4 Nxd4 15.
Nb3 Qb6 16. Nxd4 cxd4 17. Nd5 Qd6 18. Qb3 Rd8 19. Qb6 Kf8 20. Rfc1 e6 21. Qxd6+
Rxd6 22. Nc7 Rb8 23. b4 axb4 24. Rxb4 Bf6 25. Nb5 Rd8 26. a4 e5 27. Rbc4 Bg4
28. R4c2 Be6 29. Rc7 b6 30. Ra7 Rd7 31. Nc7 Bf5 32. Nb5 Bd8 33. h4 h5 34. Bf3
Be6 35. Kg2 f5 36. Bc6 Rc8 37. Kh2 Re7 38. Rxe7 Bxe7 39. Na7 Rb8 40. Nb5 g5 41.
Nc7 Bf7 42. Bd7 gxh4 43. Bxf5 Bb3 44. Bd7 Rb7 45. Bb5 Ra7 46. Rc6 Bxa4 47. Rxb6
Bxb5 48. Nxb5 Ra2 49. Nd6 Bxd6 50. Rxd6 Rxe2 51. Rf6+ Ke7 52. Rf3 hxg3+ 53.
Kxg3 Re1 54. Rf5 h4+ 55. Kf3 0-1

[Event "1st League CS 2011"]
[Site "Kraljevo"]
[Date "2011.09.24"]
[Round "10.3"]
[White "Solomunovic, Igor"]
[Black "Dmitrovic, Tomislav"]
[Result "1-0"]
[WhiteElo "2402"]
[BlackElo "2295"]
[PlyCount "67"]
[EventDate "2011.09.17"]

1. e4 d6 2. d4 Nf6 3. Nc3 g6 4. Nf3 Bg7 5. Be2 O-O 6. O-O c6 7. h3 Nbd7 8. Bf4
Qa5 9. Nd2 Qc7 10. Bg3 b5 11. a3 a6 12. f4 Nb6 13. Nb3 Rb8 14. f5 gxf5 15. exf5
Bh6 16. Bd3 Nc4 17. Bxc4 bxc4 18. Nd2 Be3+ 19. Kh1 Bxd4 20. Nxc4 Bxc3 21. bxc3
Rb5 22. Ne3 Kh8 23. c4 Rb7 24. c5 Nd5 25. cxd6 exd6 26. Nc4 Rg8 27. Bxd6 Qd8
28. Qd4+ f6 29. Bh2 Rbg7 30. Nd6 Qf8 31. Rf2 Rd7 32. Ne4 Rf7 33. c4 c5 34. Qxd5
1-0

[Event "1st League CS 2011"]
[Site "Kraljevo"]
[Date "2011.09.24"]
[Round "10.3"]
[White "Markovic, Marko"]
[Black "Rabrenovic, Vladan"]
[Result "1/2-1/2"]
[WhiteElo "2285"]
[BlackElo "2378"]
[PlyCount "61"]
[EventDate "2011.09.17"]

1. e4 d6 2. Nc3 Nf6 3. f4 g6 4. Nf3 Bg7 5. Be2 O-O 6. O-O c5 7. Qe1 Nc6 8. d3
Rb8 9. Qh4 Nd4 10. Bd1 e6 11. f5 Nxf3+ 12. Rxf3 exf5 13. Bg5 h6 14. Bxh6 Nh7
15. Qxd8 Rxd8 16. Bxg7 Kxg7 17. Rf1 fxe4 18. Nxe4 f5 19. Nc3 b5 20. Bf3 b4 21.
Nd5 Ng5 22. Nf4 Re8 23. Bc6 Re5 24. Rfe1 Bb7 25. Bxb7 Rxb7 26. Kf2 Kf6 27. Rad1
Rbe7 28. Rxe5 Rxe5 29. c4 Nf7 30. a3 a5 31. axb4 1/2-1/2

[Event "1st League CS 2011"]
[Site "Kraljevo"]
[Date "2011.09.24"]
[Round "10.3"]
[White "Kojovic, Dragan"]
[Black "Trifunovic, Miroljub"]
[Result "1-0"]
[WhiteElo "2367"]
[BlackElo "2305"]
[PlyCount "41"]
[EventDate "2011.09.17"]

1. e4 e5 2. Nf3 Nc6 3. d4 exd4 4. Nxd4 Bc5 5. Be3 Qf6 6. Nb5 Bxe3 7. fxe3 Qd8
8. Qg4 g6 9. Qf4 d6 10. Bc4 Ne5 11. O-O Qe7 12. N1c3 c6 13. Bxf7+ Kf8 14. Bxg6+
Kg7 15. Bh5 cxb5 16. Nd5 Qd8 17. Nc7 Bg4 18. Ne8+ Qxe8 19. Bxe8 Rxe8 20. Qg5+
Ng6 21. Qxg4 1-0

[Event "1st League CS 2011"]
[Site "Kraljevo"]
[Date "2011.09.24"]
[Round "10.3"]
[White "Zafirovski, Mite"]
[Black "Sredojevic, Ivan"]
[Result "0-1"]
[WhiteElo "2239"]
[BlackElo "2426"]
[PlyCount "80"]
[EventDate "2011.09.17"]

1. d4 Nf6 2. c4 g6 3. g3 Bg7 4. Bg2 O-O 5. Nc3 d6 6. Nf3 c6 7. O-O a6 8. e4 Bg4
9. h3 Bxf3 10. Bxf3 Nbd7 11. Be3 Qc7 12. Rc1 e5 13. d5 c5 14. h4 Ne8 15. h5 Qd8
16. hxg6 hxg6 17. Bg2 b5 18. cxb5 axb5 19. Nxb5 Rxa2 20. Qb3 Ra8 21. Na3 Rb8
22. Qc2 f5 23. Bd2 f4 24. Bf3 Ndf6 25. Nc4 Qd7 26. gxf4 Qh3 27. Qd1 Bh6 28.
fxe5 Bxd2 29. Nxd2 dxe5 30. Rc3 Rxb2 31. Re3 Nd6 32. Bg2 Qh4 33. Nf3 Qf4 34.
Qc1 Rb5 35. Ree1 Nfxe4 36. Re2 c4 37. Qxf4 exf4 38. Nd4 Rxd5 39. Nc6 Rg5 40. f3
Ng3 0-1

[Event "1st League CS 2011"]
[Site "Kraljevo"]
[Date "2011.09.24"]
[Round "10.3"]
[White "Govedarica, Radovan"]
[Black "Maksimovic, Boban"]
[Result "1/2-1/2"]
[WhiteElo "2389"]
[BlackElo "2228"]
[PlyCount "66"]
[EventDate "2011.09.17"]

1. d4 Nf6 2. c4 e6 3. Nc3 d5 4. Bg5 c6 5. e3 Nbd7 6. cxd5 exd5 7. Bd3 Be7 8.
Qc2 O-O 9. Nf3 Re8 10. O-O-O h6 11. Bh4 b5 12. Kb1 a5 13. a4 b4 14. Ne2 Qb6 15.
Nc1 c5 16. dxc5 Nxc5 17. Bb5 Bd7 18. Bxf6 Bxf6 19. Bxd7 Nxd7 20. Rxd5 Rac8 21.
Qd1 Nc5 22. Nd3 Ne4 23. Qb3 Rc3 24. bxc3 Nxc3+ 25. Kc2 Rc8 26. Rd4 Bxd4 27.
Nxd4 Ne4+ 28. Kb2 Rc3 29. Qd5 Nd2 30. Rc1 Qc7 31. Rc2 Rxc2+ 32. Nxc2 Qc3+ 33.
Kc1 Nb3+ 1/2-1/2

[Event "1st League CS 2011"]
[Site "Kraljevo"]
[Date "2011.09.24"]
[Round "10.4"]
[White "Sandic, Vladeta"]
[Black "Kostic, Nebojsa"]
[Result "1/2-1/2"]
[WhiteElo "2334"]
[BlackElo "2295"]
[PlyCount "22"]
[EventDate "2011.09.17"]

1. d4 c5 2. d5 b5 3. c4 b4 4. b3 Nf6 5. Bb2 g6 6. Nd2 Bg7 7. e4 d6 8. Ngf3 O-O
9. Qc2 a5 10. a4 bxa3 11. Rxa3 Qb6 1/2-1/2

[Event "1st League CS 2011"]
[Site "Kraljevo"]
[Date "2011.09.24"]
[Round "10.5"]
[White "Simantsev, Mikhail"]
[Black "Misailovic, Nebojsa"]
[Result "1-0"]
[WhiteElo "2549"]
[BlackElo "2301"]
[PlyCount "59"]
[EventDate "2011.09.17"]

1. d4 Nf6 2. c4 g6 3. Nc3 d5 4. Nf3 Bg7 5. Bf4 O-O 6. e3 c5 7. dxc5 Qa5 8. Rc1
Ne4 9. Be5 Bxe5 10. Nxe5 Nc6 11. Nxc6 bxc6 12. a3 Rb8 13. Qa4 Qxc5 14. b4 Qd6
15. Nxe4 dxe4 16. Be2 c5 17. O-O cxb4 18. c5 Qe5 19. axb4 Qb2 20. Rfe1 Rxb4 21.
Qxa7 Rb7 22. Qa4 Rb4 23. Qa5 Be6 24. c6 Rbb8 25. Qc5 Rfe8 26. c7 Ra8 27. Rc2
Qb7 28. Rec1 Bd7 29. h3 Kf8 30. Qd4 1-0

[Event "1st League CS 2011"]
[Site "Kraljevo"]
[Date "2011.09.24"]
[Round "10.5"]
[White "Brankovic, Dejan"]
[Black "Ratkovic, Milovan"]
[Result "1-0"]
[WhiteElo "2341"]
[BlackElo "2177"]
[PlyCount "69"]
[EventDate "2011.09.17"]

1. e4 c6 2. d4 d5 3. Nc3 dxe4 4. Nxe4 Bf5 5. Ng3 Bg6 6. h4 h6 7. Nf3 Nf6 8. Ne5
Bh7 9. Bd3 Bxd3 10. Qxd3 e6 11. Bd2 Nbd7 12. f4 Be7 13. O-O-O O-O 14. Qf3 Qc7
15. c4 c5 16. d5 Bd6 17. Rhe1 Rae8 18. Bc3 exd5 19. cxd5 Nxe5 20. fxe5 Rxe5 21.
Bxe5 Bxe5 22. Nf5 c4 23. d6 Qa5 24. Ne7+ Kh8 25. Nd5 Nd7 26. Qf5 Qxa2 27. Rxe5
Qa1+ 28. Kc2 Qa4+ 29. Kd2 c3+ 30. bxc3 Nxe5 31. Qxe5 f6 32. Qf4 Qc6 33. Ke2
Re8+ 34. Kf1 Re5 35. Ne7 1-0

[Event "1st League CS 2011"]
[Site "Kraljevo"]
[Date "2011.09.24"]
[Round "10.5"]
[White "Civric, Zdravko"]
[Black "Cvetanovic, Uros"]
[Result "1-0"]
[WhiteElo "2203"]
[BlackElo "2236"]
[PlyCount "69"]
[EventDate "2011.09.17"]

1. d4 Nf6 2. Nf3 e6 3. g3 c5 4. Bg2 cxd4 5. Nxd4 a6 6. O-O Qc7 7. e4 d6 8. Nc3
Bd7 9. Re1 Nc6 10. a4 g6 11. Nxc6 bxc6 12. a5 Bg7 13. Be3 O-O 14. Bb6 Qb8 15.
Na4 e5 16. Re3 Bg4 17. Qe1 Be6 18. b3 Qb7 19. Rd1 Ne8 20. Red3 Qe7 21. c4 c5
22. Nc3 Rc8 23. Nd5 Qd7 24. b4 f5 25. bxc5 Qf7 26. f4 exf4 27. exf5 gxf5 28.
cxd6 Rxc4 29. Nxf4 Rxf4 30. gxf4 Nf6 31. d7 Nh5 32. Qxe6 Qxe6 33. Bd5 Nxf4 34.
Bxe6+ Nxe6 35. d8=Q 1-0

[Event "1st League CS 2011"]
[Site "Kraljevo"]
[Date "2011.09.24"]
[Round "10.5"]
[White "Mladenovic, Stefan"]
[Black "Ratkovic, Miloje"]
[Result "1-0"]
[WhiteElo "2137"]
[BlackElo "2135"]
[PlyCount "71"]
[EventDate "2011.09.17"]

1. d4 d5 2. c4 c6 3. Nf3 Nf6 4. e3 e6 5. b3 Nbd7 6. Bd3 Bd6 7. Bb2 O-O 8. O-O
b6 9. Ne5 Bb7 10. Nd2 c5 11. cxd5 Nxd5 12. Ne4 Nxe5 13. dxe5 Be7 14. Qg4 Qc7
15. Nd6 g6 16. Nxb7 Qxb7 17. h4 Rfd8 18. Be4 Bf8 19. h5 Rac8 20. hxg6 hxg6 21.
Rad1 b5 22. f4 Bg7 23. Qf3 c4 24. Bd4 Qa6 25. g4 cxb3 26. axb3 Rc7 27. f5 gxf5
28. gxf5 exf5 29. Bxd5 Qg6+ 30. Kf2 Rc2+ 31. Ke1 Rxd5 32. Ra1 Rxe5 33. Qa8+ Kh7
34. Rh1+ Bh6 35. Bxe5 Re2+ 36. Kxe2 1-0

[Event "1st League CS 2011"]
[Site "Kraljevo"]
[Date "2011.09.24"]
[Round "10.6"]
[White "Mista, Aleksander"]
[Black "Radulski, Julian"]
[Result "1/2-1/2"]
[WhiteElo "2561"]
[BlackElo "2572"]
[PlyCount "91"]
[EventDate "2011.09.17"]

1. c4 e6 2. Nc3 d5 3. d4 Be7 4. cxd5 exd5 5. Bf4 Nf6 6. e3 O-O 7. Bd3 Re8 8. h3
c5 9. Nf3 c4 10. Bc2 a6 11. O-O b5 12. a3 Bb7 13. Ne5 Nbd7 14. Qf3 Nf8 15. g4
Bd6 16. Qg2 Ng6 17. Bxg6 hxg6 18. g5 Ne4 19. Nxe4 dxe4 20. h4 Rc8 21. Qg3 Bxe5
22. Bxe5 Qd7 23. Kg2 Qf5 24. Rh1 f6 25. Bf4 Kf7 26. h5 Rh8 27. hxg6+ Qxg6 28.
Rag1 Bd5 29. gxf6 gxf6 30. Qxg6+ Kxg6 31. Kf1+ Kf7 32. Rxh8 Rxh8 33. Ke2 Rc8
34. Kd2 a5 35. Kc3 Rc6 36. Rh1 Rb6 37. Rh7+ Ke6 38. Ra7 b4+ 39. Kc2 c3 40. Rxa5
cxb2 41. Kxb2 bxa3+ 42. Kxa3 Rb3+ 43. Ka4 Rb2 44. Bg3 Ra2+ 45. Kb4 Rxa5 46.
Kxa5 1/2-1/2

[Event "1st League CS 2011"]
[Site "Kraljevo"]
[Date "2011.09.24"]
[Round "10.6"]
[White "Arsovic, Zoran"]
[Black "Nestorovic, Nikola"]
[Result "1/2-1/2"]
[WhiteElo "2444"]
[BlackElo "2464"]
[PlyCount "126"]
[EventDate "2011.09.17"]

1. Nf3 Nf6 2. c4 e6 3. g3 b6 4. Bg2 Bb7 5. O-O c5 6. Nc3 a6 7. d4 cxd4 8. Qxd4
Nc6 9. Qd3 Rc8 10. b3 Be7 11. Rd1 O-O 12. Bb2 d5 13. Qb1 Qc7 14. cxd5 exd5 15.
Qf5 g6 16. Qf4 Qxf4 17. gxf4 Rcd8 18. Rac1 b5 19. e3 Ba8 20. Ne5 Nxe5 21. fxe5
Ne4 22. Ne2 Rc8 23. Bh3 Rxc1 24. Rxc1 Ng5 25. Bg2 Ne6 26. Nf4 Nxf4 27. exf4 d4
28. Bxd4 Bxg2 29. Kxg2 Rd8 30. Be3 a5 31. Rc7 Bb4 32. Kf3 Rd1 33. f5 gxf5 34.
Bh6 Rd3+ 35. Ke2 Rd8 36. Rc1 f6 37. exf6 Kf7 38. Bg5 Rd7 39. Rc6 Bf8 40. Ra6 h6
41. Be3 b4 42. Rxa5 Rd6 43. Kf3 Kxf6 44. Kf4 Kg6 45. Rxf5 Rd8 46. h4 Ra8 47.
h5+ Kg7 48. Bd4+ Kg8 49. Rb5 Rxa2 50. Kf5 Rd2 51. Be3 Rd3 52. Rb8 Kf7 53. Rb7+
Kg8 54. Kg6 Rd6+ 55. Kf5 Rd3 56. Ke6 Rd6+ 57. Ke5 Rd3 58. Kf5 Rxb3 59. Rb8 Kf7
60. Rb7+ Kg8 61. Rb8 Kf7 62. Rb7+ Kg8 63. Rb8 Kf7 1/2-1/2

[Event "1st League CS 2011"]
[Site "Kraljevo"]
[Date "2011.09.24"]
[Round "10.6"]
[White "Todorovic, Jovan"]
[Black "Marinkovic, Ivan"]
[Result "1/2-1/2"]
[WhiteElo "2420"]
[BlackElo "2425"]
[PlyCount "35"]
[EventDate "2011.09.17"]

1. e4 Nf6 2. e5 Nd5 3. d4 d6 4. Nf3 g6 5. Bc4 Nb6 6. Bb3 Bg7 7. Qe2 Nc6 8. O-O
O-O 9. h3 Na5 10. Re1 d5 11. Nbd2 h6 12. Nf1 Nxb3 13. axb3 a5 14. Bd2 a4 15.
bxa4 Rxa4 16. Rxa4 Nxa4 17. b3 Nb6 18. Ng3 1/2-1/2

[Event "1st League CS 2011"]
[Site "Kraljevo"]
[Date "2011.09.24"]
[Round "10.6"]
[White "Martinovic, Slobodan"]
[Black "Mijailovic, Zoran"]
[Result "1-0"]
[WhiteElo "2436"]
[BlackElo "2414"]
[PlyCount "127"]
[EventDate "2011.09.17"]

1. d4 d5 2. Nf3 Nf6 3. c4 dxc4 4. e3 Bg4 5. Bxc4 e6 6. Nc3 Nbd7 7. O-O Bd6 8.
h3 Bh5 9. Be2 O-O 10. e4 e5 11. dxe5 Nxe5 12. Nd4 Bxe2 13. Qxe2 Bc5 14. Nb3 Bb6
15. Rd1 Qe7 16. Be3 Ng6 17. Bxb6 axb6 18. Qe3 Rfe8 19. Re1 Rad8 20. g3 Ne5 21.
Rad1 Rxd1 22. Rxd1 Nc4 23. Qe2 Na5 24. Nd4 g6 25. Re1 Qc5 26. Nf3 Qc4 27. Qe3
Nc6 28. b3 Qc5 29. Qxc5 bxc5 30. e5 Nd7 31. Nb5 Ndxe5 32. Kg2 Re7 33. Nxe5 Rxe5
34. Rxe5 Nxe5 35. Nxc7 Kf8 36. Nd5 h5 37. f4 Nc6 38. Kf3 Ke8 39. g4 hxg4+ 40.
hxg4 Kd7 41. Ke4 Kd6 42. Nb6 Nd4 43. Kd3 f5 44. g5 Ne6 45. Ke3 Nc7 46. Nc4+ Ke6
47. a4 Nd5+ 48. Kf3 b6 49. Ne5 Ne7 50. Ke2 Kd6 51. Kd2 Nc6 52. Nxg6 Nd4 53. Ne5
Nxb3+ 54. Kd3 Nd4 55. Kc4 Ne6 56. Nd3 Kc6 57. g6 Kd6 58. Kb5 Ke7 59. Kxb6 c4
60. Nb4 Nxf4 61. a5 c3 62. a6 Kd6 63. Kb7 Nd5 64. Nc2 1-0

[Event "1st League CS 2011"]
[Site "Kraljevo"]
[Date "2011.09.24"]
[Round "10.6"]
[White "Lapcevic, Milos"]
[Black "Arsovic, Goran"]
[Result "0-1"]
[WhiteElo "2420"]
[BlackElo "2409"]
[PlyCount "90"]
[EventDate "2011.09.17"]

1. d4 Nf6 2. c4 g6 3. Nc3 Bg7 4. e4 d6 5. f3 O-O 6. Bg5 c5 7. d5 h6 8. Be3 e6
9. Qd2 exd5 10. cxd5 Re8 11. a4 a6 12. Nge2 Nbd7 13. Nc1 Nh5 14. Bxh6 Qh4+ 15.
Kd1 Ng3 16. Bxg7 Kxg7 17. Qf2 Rh8 18. Rg1 Qxh2 19. N1e2 Nxf1 20. Rxf1 Ne5 21.
Kc2 Bd7 22. Ng3 Qh4 23. Rh1 Qf6 24. a5 Bb5 25. Rhd1 Rh4 26. Rh1 Rah8 27. Rxh4
Rxh4 28. Rd1 Kg8 29. Nf1 Bxf1 30. Qxf1 Rh2 31. f4 Ng4 32. Qf3 Qh4 33. Rd2 Rh1
34. e5 Rf1 35. Qh3 Qxh3 36. gxh3 Ne3+ 37. Kb3 Nf5 38. Ne4 Rf3+ 39. Kc2 Kf8 40.
exd6 Rxf4 41. d7 Ke7 42. d6+ Kd8 43. Kd3 c4+ 44. Kxc4 Rxe4+ 45. Kd5 Re6 0-1

[Event "1st League CS 2011"]
[Site "Kraljevo"]
[Date "2011.09.24"]
[Round "10.6"]
[White "Simonovic, Aleksandar"]
[Black "Stankovic, Milos"]
[Result "1/2-1/2"]
[WhiteElo "2401"]
[BlackElo "2375"]
[PlyCount "156"]
[EventDate "2011.09.17"]

1. c4 c5 2. g3 Nc6 3. Nc3 g6 4. Bg2 Bg7 5. Nf3 e5 6. O-O Nge7 7. d3 O-O 8. a3
d6 9. Rb1 a5 10. Bd2 Rb8 11. Ne1 Be6 12. Nc2 d5 13. cxd5 Nxd5 14. Ne3 Nde7 15.
Ne4 b6 16. b4 cxb4 17. axb4 Nxb4 18. Bxb4 axb4 19. Rxb4 Nc6 20. Rb1 Nd4 21. Nc3
b5 22. Ned5 Qd6 23. e3 b4 24. Ne4 Qxd5 25. Nf6+ Bxf6 26. Bxd5 Bxd5 27. exd4
exd4 28. Qa4 b3 29. Rfe1 Rfc8 30. Kf1 Kg7 31. Qd7 Bf3 32. Qd6 Rb5 33. h4 b2 34.
Qf4 Rf5 35. Qd2 g5 36. g4 Bxg4 37. Rxb2 gxh4 38. Rb6 Bg5 39. Qb4 Rf4 40. Qb5
Bh3+ 41. Kg1 Bf6 42. Rxf6 Rxf6 43. Qe5 Rc2 44. Qxd4 Rcxf2 45. Qxf2 Rxf2 46.
Kxf2 Be6 47. d4 Kf6 48. Re5 h3 49. Kg3 Bd7 50. Re3 Be6 51. Re4 h5 52. Re5 Bg4
53. Re1 Be6 54. Re3 Kf5 55. Re5+ Kf6 56. Re1 Kg6 57. Re5 h4+ 58. Kh2 Kf6 59.
Re1 Kg6 60. Re4 Bf5 61. Rxh4 Kf6 62. Rf4 Ke6 63. Kg3 Bg6 64. Rh4 Kd5 65. Kf3
Bd3 66. Ke3 Bf1 67. Rh5+ Kd6 68. Rh6+ Kd5 69. Rh5+ Kd6 70. Kf2 Bg2 71. Kg3 Ke6
72. Re5+ Kd6 73. Rh5 Ke6 74. Rb5 Kd6 75. Re5 f6 76. Ra5 Ke6 77. Rh5 Kd6 78. Kf4
Ke6 1/2-1/2